01449cam a22003497a 4500003000500000005001700005008004100022010001000063011001000073035001000083040000900093090001000102100003600112245019300148260004100341300002000382502007800402590003700480590004100517590004200558650003000600650003000630650003100660901000700691905001300698942000900711949005500720949004100775999001700816952014000833952012600973CHAP20220329142403.0001107d2000 mx r 00110 spa d a82754 a83726 a94242 cCHAP aTesis00aAguilar Santis, Humberto.9284710aRespuesta a la selección masal participativa in situ en una población de "calabaza de dulce" (cucurbita moschara Duch.) en Achichipico, Morelos, Méxicoc/por Humberto Aguilar Santis. aChapingo, Méx. :bEl autor,c2000. a49 h. :bcuads. aTesis (Ing. Agr. Esp. en Fitotecnia) -- UACH. Departamento de Fitotecnia. aALEPHb10c20130110lUCH01h1439 aBATCH-UPDb10c20130110lUCH01h0604 aCONVERSIONb10c20130109lUCH01h134614aCalabazaxSemilla.91729614aCalabazazMorelos.91730714aCucurbita moschata.929995 aBK aEdna Luz cFOLL bBCcTESd33724000803227eTS2fc.2h37348i94242si bBCcTESd94242eTS1h37347i94242sb c82754d82754 00102local4053708TESISaBCbBCcPA_TESISd2019-12-31fTESISl0oTesisp33724000803227r2019-12-31 00:00:00tc.2w2019-12-31yTESIS 00102local4051708TESISaBCbBCcPA_TESISd2019-12-31fTESISl0oTesisp94242r2019-12-31 00:00:00w2019-12-31yTESIS